[Event "St Petersburg Korchnoi Memorial op"]
[Site "St Petersburg"]
[Date "2023.08.24"]
[Round "9"]
[White "Salamov, Andrey Pav"]
[Black "Maksimenko, Dmitry"]
[Result "1-0"]
[WhiteElo "1270"]
[BlackElo "1000"]
[PlyCount "41"]
[EventDate "2023.08.18"]
[EventType "swiss"]
[EventRounds "9"]
[EventCountry "RUS"]
[SourceTitle "CBM 216 Extra"]
[Source "ChessBase"]
[SourceDate "2023.11.30"]
[SourceVersion "1"]
[SourceVersionDate "2023.11.30"]
[SourceQuality "1"]

1. c4 Nf6 2. Nc3 e5 3. e4 Bc5 4. g3 d6 5. h3 Be6 6. d3 Nc6 7. Bg2 h6 8. Nge2 0-0 9. 0-0 a6 10. Kh2 Rb8 11. f4 b5 12. f5 Bd7 13. b3 bxc4 14. bxc4 Nd4 15. Bd2 Qe8 16. g4 Nh7 17. f6 Nxf6 18. Rxf6 gxf6 19. Bxh6 Rb2 20. Nd5 Qe7 21. Nxe7+ 1-0

[Event "St Petersburg Korchnoi Memorial op"]
[Site "St Petersburg"]
[Date "2023.08.23"]
[Round "8"]
[White "Solovyeva, Margarita"]
[Black "Salamov, Andrey Pav"]
[Result "1-0"]
[WhiteElo "1449"]
[BlackElo "1270"]
[PlyCount "69"]
[EventDate "2023.08.18"]
[EventType "swiss"]
[EventRounds "9"]
[EventCountry "RUS"]
[SourceTitle "CBM 216 Extra"]
[Source "ChessBase"]
[SourceDate "2023.11.30"]
[SourceVersion "1"]
[SourceVersionDate "2023.11.30"]
[SourceQuality "1"]

1. d4 Nf6 2. c4 g6 3. g3 Bg7 4. Bg2 0-0 5. Nf3 d6 6. 0-0 Nc6 7. Nc3 e5 8. Re1 Bg4 9. d5 Ne7 10. e4 Nd7 11. h3 Bxf3 12. Bxf3 f5 13. exf5 Nxf5 14. Ne4 Nd4 15. Bg2 h6 16. Be3 Nf5 17. Bd2 Nf6 18. Rc1 Nxe4 19. Bxe4 Qf6 20. Rf1 Nd4 21. Be3 Nf5 22. Bd2 a5 23. Qb3 b6 24. Qd3 Qe7 25. Kg2 Qd7 26. Qc2 Rf7 27. Qd3 Re8 28. b3 g5 29. Be3 Kh8 30. Bd2 Nd4 31. Rce1 Nf3 32. Re3 g4 33. hxg4 Qxg4 34. Bxf3 Qg5 35. Bd1 1-0

[Event "St Petersburg Korchnoi Memorial op"]
[Site "St Petersburg"]
[Date "2023.08.20"]
[Round "4"]
[White "Bataev, Nikita"]
[Black "Salamov, Andrey Pav"]
[Result "1-0"]
[WhiteElo "1528"]
[BlackElo "1270"]
[PlyCount "87"]
[EventDate "2023.08.18"]
[EventType "swiss"]
[EventRounds "9"]
[EventCountry "RUS"]
[SourceTitle "CBM 216 Extra"]
[Source "ChessBase"]
[SourceDate "2023.11.30"]
[SourceVersion "1"]
[SourceVersionDate "2023.11.30"]
[SourceQuality "1"]

1. e4 c5 2. Nc3 a6 3. g3 b5 4. Bg2 Bb7 5. d3 e6 6. Nh3 Nf6 7. 0-0 d5 8. Bg5 Be7 9. exd5 b4 10. Bxf6 Bxf6 11. Ne4 Bxd5 12. Nxf6+ gxf6 13. Bxd5 Qxd5 14. Nf4 Qc6 15. d4 Nd7 16. d5 Qd6 17. dxe6 Qxd1 18. Rfxd1 Ne5 19. Nd5 fxe6 20. Nc7+ Ke7 21. Nxa8 Rxa8 22. Kg2 Rg8 23. Re1 h5 24. Re4 Nf7 25. Rae1 e5 26. Rh4 Rg5 27. a3 a5 28. c3 Nd6 29. f4 Rf5 30. fxe5 fxe5 31. axb4 axb4 32. cxb4 Nb7 33. Rf4 Kf6 34. Rxf5+ Kxf5 35. b5 Ke6 36. Rd1 e4 37. h3 Nd6 38. Rxd6+ Kxd6 39. Kf2 c4 40. Ke3 Kc5 41. Kxe4 Kxb5 42. Kd4 Kb4 43. g4 hxg4 44. hxg4 1-0